000 00486nam a2200121Ia 4500
008 171212s9999 xx 000 0 und d
100 _aHeraclides, Alexis;Dialla, Ada
245 _cHeraclides, Alexis;Dialla, Ada
_aHumanitarian Intervention in the Long Nineteenth Century
_bSetting the Precedent
260 _bManchester University Press
_c2015
440 _aHumanitarianism: Key Debates and New Approaches
650 _aPolitical Science
856 _uhttp://jstor.org/stable/j.ctt1mf71b8
999 _c351512
_d351512